Creative drama in the classroom and beyond

Đã lưu trong:
書目詳細資料
主要作者: McCaslin, Nellie
格式: 圖書
語言:Undetermined
出版: Boston Pearson 2006
主題:
標簽: 添加標簽
沒有標簽, 成為第一個標記此記錄!
Thư viện lưu trữ: Trung tâm Học liệu Trường Đại học Cần Thơ
LEADER 00505nam a2200193Ia 4500
001 CTU_117420
008 210402s9999 xx 000 0 und d
020 |c 65.18 
082 |a 371.399 
082 |b M397 
100 |a McCaslin, Nellie 
245 0 |a Creative drama in the classroom and beyond 
245 0 |c Nellie McCaslin 
260 |a Boston 
260 |b Pearson 
260 |c 2006 
650 |a Drama in education 
904 |i Tuyến 
980 |a Trung tâm Học liệu Trường Đại học Cần Thơ